[Event "Mallorca-chT"]
[Site "Palma de Mallorca"]
[Date "2002.02.09"]
[Round "4.6"]
[White "Oliver Font, Jose Luis"]
[Black "Larios, Jacinto"]
[Result "1-0"]
[WhiteElo "1966"]
[BlackElo "1910"]
[PlyCount "113"]
[EventDate "2002.??.??"]
[EventType "team"]
[EventRounds "10"]
[EventCountry "ESP"]
[SourceTitle "EXT 2003"]
[Source "ChessBase"]
[SourceDate "2002.11.25"]
[SourceVersion "1"]
[SourceVersionDate "2002.11.25"]
[SourceQuality "1"]

1. e4 c5 2. Nf3 Nc6 3. d4 cxd4 4. Nxd4 Nf6 5. Nc3 d6 6. Be3 Bd7 7. Qd2 Rc8 8. Nb3 a6 9. Na4 Ra8 10. Nb6 Rb8 11. Bd3 g6 12. 0-0 Bg7 13. f3 Be6 14. c4 Ne5 15. Be2 Nfd7 16. Nd5 Rc8 17. Na5 Bxd5 18. cxd5 b5 19. Rac1 0-0 20. a4 Nc4 21. Nxc4 bxc4 22. Rxc4 Rxc4 23. Bxc4 a5 24. Bb5 Ne5 25. Rc1 f5 26. Rc2 fxe4 27. fxe4 Ng4 28. Bd4 Bh6 29. Qe2 Nf6 30. Rc6 Nh5 31. Bb6 Qe8 32. Rxd6 Qf7 33. Rd7 Qf4 34. Qe1 Qe5 35. b3 Nf6 36. Rc7 Ng4 37. g3 Qb2 38. Be2 Bd2 39. Qd1 Ne3 40. Bxe3 Bxe3+ 41. Kh1 Qe5 42. Rc4 h5 43. Bf3 h4 44. Kg2 g5 45. Rc6 hxg3 46. hxg3 g4 47. Rg6+ Kf7 48. Rxg4 Qb2+ 49. Be2 Ke8 50. Kh3 Bc5 51. Rh4 Rf2 52. Bb5+ Kd8 53. Qh5 Rf8 54. Qg4 Kc7 55. Qd7+ Kb8 56. Bc4 Bb4 57. Ba6 1-0

[Event "Mallorca-chT"]
[Site "Palma de Mallorca"]
[Date "2002.01.19"]
[Round "1.6"]
[White "Larios, Jacinto"]
[Black "Ramon Sanchez Campins, Pedro"]
[Result "1-0"]
[WhiteElo "1910"]
[BlackElo "1950"]
[PlyCount "157"]
[EventDate "2002.??.??"]
[EventType "team"]
[EventRounds "10"]
[EventCountry "ESP"]
[SourceTitle "EXT 2003"]
[Source "ChessBase"]
[SourceDate "2002.11.25"]
[SourceVersion "1"]
[SourceVersionDate "2002.11.25"]
[SourceQuality "1"]

1. c4 c5 2. Nc3 Nc6 3. Nf3 Nf6 4. d3 g6 5. h3 Bg7 6. Bf4 0-0 7. Qd2 Re8 8. g4 d6 9. Bg2 e5 10. Bg5 Qa5 11. Nh2 a6 12. 0-0 Be6 13. Be3 Rad8 14. Bg5 Qc7 15. Nd5 Bxd5 16. Bxd5 Ne7 17. Bg2 d5 18. Qc2 h6 19. Bh4 g5 20. Bg3 Ng6 21. Rac1 Nf4 22. Bxf4 exf4 23. Bf3 d4 24. Rfe1 Re7 25. Nf1 Rde8 26. Qa4 Nd7 27. Nd2 Ne5 28. Be4 Ng6 29. b4 f3 30. Bxg6 fxg6 31. Ne4 Qf4 32. Qd1 Rxe4 33. dxe4 Be5 34. exf3 Qh2+ 35. Kf1 Rf8 36. Qd3 Qxh3+ 37. Ke2 Qh2 38. Rh1 Qf4 39. Rcg1 Bg7 40. a3 b6 41. Rh3 Qd6 42. Rb1 Rc8 43. Rhh1 Qe5 44. bxc5 Qxc5 45. Rhc1 h5 46. Qb3 Rc6 47. Qb4 h4 48. Qxc5 bxc5 49. a4 Be5 50. Rb7 h3 51. a5 Rc7 52. Rb6 Rd7 53. Rxa6 d3+ 54. Kf1 d2 55. Rd1 Bf4 56. Rxg6+ Kh7 57. Re6 Rd3 58. Rb6 Rc3 59. Rbb1 Rxc4 60. Ra1 Rd4 61. a6 Rd8 62. a7 Ra8 63. Ke2 h2 64. Kd3 Kg6 65. Kc4 Be5 66. Ra6+ Kg7 67. Kxc5 Rc8+ 68. Rc6 Bd4+ 69. Kxd4 Rxc6 70. a8Q Rc1 71. Qb7+ Kg8 72. Qd5+ Kh7 73. Qf7+ Kh8 74. Qh5+ Kg7 75. Qxg5+ Kf7 76. Qf4+ Ke7 77. Qxh2 Rxd1 78. Qh4+ Ke8 79. Kd3 1-0

[Event "Mallorca-ch D2"]
[Site "Palma de Mallorca"]
[Date "2000.11.18"]
[Round "5"]
[White "Ducros Salva, Francisco"]
[Black "Larios, Jacinto"]
[Result "1/2-1/2"]
[WhiteElo "1887"]
[BlackElo "1944"]
[PlyCount "50"]
[EventDate "2000.??.??"]
[EventType "swiss"]
[EventRounds "8"]
[EventCountry "ESP"]
[SourceTitle "EXT 2003"]
[Source "ChessBase"]
[SourceDate "2002.11.25"]
[SourceVersion "1"]
[SourceVersionDate "2002.11.25"]
[SourceQuality "1"]

1. Nf3 d5 2. d4 Nf6 3. c4 c6 4. Nc3 h6 5. Bf4 e6 6. cxd5 exd5 7. Qc2 Bb4 8. e3 Qa5 9. Bd3 Nbd7 10. 0-0 Bxc3 11. bxc3 0-0 12. Rab1 b5 13. Nd2 Re8 14. Ra1 Nb6 15. Nb3 Qa4 16. Qc1 Nbd7 17. Bd6 Qa6 18. a4 Qb7 19. Rb1 a6 20. Nd2 Nb6 21. a5 Qd7 22. Bg3 Na4 23. Nb3 Ne4 24. Bxe4 Rxe4 25. Ra1 Re8 1/2-1/2

[Event "Mallorca-ch D2"]
[Site "Palma de Mallorca"]
[Date "2000.11.11"]
[Round "4"]
[White "Larios, Jacinto"]
[Black "Mora Alba, Alejandro"]
[Result "1/2-1/2"]
[WhiteElo "1944"]
[BlackElo "1939"]
[PlyCount "54"]
[EventDate "2000.??.??"]
[EventType "swiss"]
[EventRounds "8"]
[EventCountry "ESP"]
[SourceTitle "EXT 2003"]
[Source "ChessBase"]
[SourceDate "2002.11.25"]
[SourceVersion "1"]
[SourceVersionDate "2002.11.25"]
[SourceQuality "1"]

1. Nf3 d5 2. d3 c5 3. d4 Nc6 4. Bf4 Nf6 5. h3 e6 6. Nc3 cxd4 7. Nxd4 a6 8. e3 Be7 9. a3 h6 10. Be2 Bd7 11. 0-0 0-0 12. b4 Nxd4 13. exd4 Rc8 14. Qd2 Ne8 15. Nd1 g5 16. Bh2 Nd6 17. Bd3 f5 18. Qe2 Ne4 19. Qh5 Kg7 20. Be5+ Bf6 21. Bxf6+ Qxf6 22. Bxe4 dxe4 23. c3 f4 24. Re1 Be8 25. Qe2 Bg6 26. Rc1 Rfd8 27. a4 Rxd4 1/2-1/2

[Event "Mallorca-ch D2"]
[Site "Palma de Mallorca"]
[Date "2000.10.21"]
[Round "1"]
[White "Huguet, Jaume"]
[Black "Larios, Jacinto"]
[Result "1/2-1/2"]
[WhiteElo "1853"]
[BlackElo "1944"]
[PlyCount "49"]
[EventDate "2000.??.??"]
[EventType "swiss"]
[EventRounds "8"]
[EventCountry "ESP"]
[SourceTitle "EXT 2003"]
[Source "ChessBase"]
[SourceDate "2002.11.25"]
[SourceVersion "1"]
[SourceVersionDate "2002.11.25"]
[SourceQuality "1"]

1. e4 e6 2. d4 d5 3. e5 c5 4. c3 Nc6 5. Nf3 f6 6. Bf4 a5 7. a4 Bd7 8. Nbd2 cxd4 9. cxd4 Rc8 10. Bb5 Nb4 11. Bxd7+ Qxd7 12. 0-0 Nd3 13. Be3 fxe5 14. Nxe5 Nxe5 15. dxe5 Ne7 16. Nf3 Nc6 17. Rc1 Be7 18. Qd2 0-0 19. Rc2 Nb4 20. Rxc8 Rxc8 21. Rc1 Nc6 22. h3 Qe8 23. Nd4 Bb4 24. Qc2 Qf7 25. Qe2 1/2-1/2